Zum neuen Zollrecht der DDR.

Štátna zmluva o vytvorení menovej, hospodárskej a sociálnej únie medzi NDR a SRN predpokladá zjednotenie colnej politiky. Podkladom pre jednotný colný zákon sa stáva colný zákon SRN. V súvislosti s novým zákonom vstupujú do platnosti aj nové colné a daňové predpisy. Odsúhlasenie colných predpisov v...

ver descrição completa

Na minha lista:
Detalhes bibliográficos
Autor principal: Gaertner, R.
Formato: Capítulo de Livro
Idioma:alemão
Assuntos:
Tags: Adicionar Tag
Sem tags, seja o primeiro a adicionar uma tag!

MARC

LEADER 00000naa a2200000 4500
001 r001901
005 20240618122425.6
041 0 |a ger 
044 |a DE 
245 1 0 |a Zum neuen Zollrecht der DDR.  |c R. Gaertner 
520 |a Štátna zmluva o vytvorení menovej, hospodárskej a sociálnej únie medzi NDR a SRN predpokladá zjednotenie colnej politiky. Podkladom pre jednotný colný zákon sa stáva colný zákon SRN. V súvislosti s novým zákonom vstupujú do platnosti aj nové colné a daňové predpisy. Odsúhlasenie colných predpisov v súvislosti s predpismi Európskych spoločenstiev. 
610 2 0 |a clá 
610 2 0 |a NDR 
610 2 0 |a Nemecko 
610 2 0 |a zákony 
610 2 0 |a predpisy daňové 
610 2 0 |a Európske spoločenstvá 
610 2 0 |a dovoz 
610 2 0 |a clá dovozné 
610 2 0 |a politika colná 
100 1 |a Gaertner, R.